| 000 | 01565nam a2200409Ii 4500 | ||
|---|---|---|---|
| 001 | DIGEUDE247 | ||
| 003 | NyNyDIG | ||
| 006 | m o d | ||
| 007 | cr ||||||||||| | ||
| 008 | 230710s2021 ag ob 000 0 spa d | ||
| 035 | _a(OCoLC)1390761366 | ||
| 040 |
_aDGITA _beng _erda _epn _cDGITA |
||
| 020 |
_a9789502331836 _qedición digital (ePub) |
||
| 020 | _z9789502331546 | ||
| 050 | 1 | 4 | _aRA644.C67 ebook |
| 100 | 1 |
_aMartinez Olguín, Juan José, _eauthor. |
|
| 245 | 1 | 0 |
_aEnsayos en tiempos de cuarentena : _bpandemia, política y filosofía / _cJuan José Martínez Olguín. |
| 250 | _a1a edición. | ||
| 264 | 1 |
_aCiudad de Buenos Aires : _bEudeba, _c[2021] |
|
| 300 | _a1 online resource. | ||
| 336 |
_atext _btxt _2rdacontent |
||
| 337 |
_acomputer _bc _2rdamedia |
||
| 338 |
_aonline resource _bcr _2rdacarrier |
||
| 347 |
_atext file _2rdaft |
||
| 347 | _bEPUB | ||
| 490 | 1 | _aLectores | |
| 504 | _aIncludes bibliographical references. | ||
| 588 | 0 | _aOnline resource; title from ePub title page (Digitalia, viewed July 10, 2023) | |
| 650 | 0 |
_aCOVID-19 Pandemic, 2020- _xPolitical aspects. |
|
| 791 | 2 |
_aDigitalia (Firm), _edistributor. |
|
| 793 | 0 |
_gDigitalia eBook Collection: _aEudeba |
|
| 776 | 0 | 8 |
_iPrint version: _aMartinez Olguín, Juan José. _tEnsayos en tiempos de cuarentena. _bPrimera edición. _dCiudad de Buenos Aires : Eudeba, [2019] _z9789502331546 |
| 830 | 0 | _aColección Lectores. | |
| 856 | 4 | 0 |
_3Digitalia Hispánica _uhttps://www.digitaliapublishing.com/a/128429/ |
| 910 | _aPremium collection: 2023 | ||
| 942 | _cRAA | ||
| 999 |
_c279501 _d279501 |
||